ბათუმის შოთა რუსთაველის სახელმწიფო უნივერსიტეტის ბიბლიოთეკა

Constructing civil society in Japan : (ბიბ.ჩანაწერი № 63976)

000 -LEADER
fixed length control field 01104nam a22002417a 4500
003 - CONTROL NUMBER IDENTIFIER
control field Ge_BSU
005 - DATE AND TIME OF LATEST TRANSACTION
control field 20260302151741.0
008 - FIXED-LENGTH DATA ELEMENTS--GENERAL INFORMATION
fixed length control field 260302s2004 enk||||| |||| 00| 0 eng d
020 ## - INTERNATIONAL STANDARD BOOK NUMBER
International Standard Book Number 9781876843731x
041 ## - LANGUAGE CODE
Language code of text/sound track or separate title eng
080 ## - UNIVERSAL DECIMAL CLASSIFICATION NUMBER
Universal Decimal Classification number 502.13 :316.334.5](520) H-33
100 ## - MAIN ENTRY--PERSONAL NAME
Personal name Hasegawa, Koichi.
9 (RLIN) 27027
245 ## - TITLE STATEMENT
Title Constructing civil society in Japan :
Remainder of title voices of environmental movements /
Statement of responsibility, etc. Koichi Hasegawa.
264 ## - PRODUCTION, PUBLICATION, DISTRIBUTION, MANUFACTURE, AND COPYRIGHT NOTICE
Place of production, publication, distribution, manufacture Melbourne :
Name of producer, publisher, distributor, manufacturer Trans Pacific press,
Date of production, publication, distribution, manufacture, or copyright notice 2004.
300 ## - PHYSICAL DESCRIPTION
Extent 312 p.;
Other physical details 23 cm.
440 ## - SERIES STATEMENT/ADDED ENTRY--TITLE
Title Stratification a. inequality ser. / The center for the study of sovcial stratific. a. inequality, Tohoku Univ., Japan ; 3
9 (RLIN) 27028
504 ## - BIBLIOGRAPHY, ETC. NOTE
Bibliography, etc. note Bibliogr.: p. 277-299.
653 ## - INDEX TERM--UNCONTROLLED
keyword გარემოს დაცვა იაპონიაში
653 ## - INDEX TERM--UNCONTROLLED
keyword იაპონიის ეკოლოგიური პოლიტიკა
653 ## - INDEX TERM--UNCONTROLLED
keyword იაპონიის გარემოსდაცვითი პირობები
653 ## - INDEX TERM--UNCONTROLLED
keyword იაპონიის ეკოლოგიური სოციოლოგია
942 ## - ADDED ENTRY ELEMENTS (KOHA)
Source of classification or shelving scheme
Koha item type წიგნი
ეგზემპლარები
Withdrawn status Lost status Source of classification or shelving scheme Damaged status Not for loan Permanent Location Current Location Shelving location Date acquired Cost, normal purchase price Full call number Barcode Date last seen Copy number Uniform Resource Identifier Price effective from Koha item type Public note
          ბათუმის შოთა რუსთაველის სახელმწიფო უნივერსიტეტის მთავარი ბიბლიოთეკა ბათუმის შოთა რუსთაველის სახელმწიფო უნივერსიტეტის მთავარი ბიბლიოთეკა წიგნსაცავი 2026-03-02 12.00 502.13 :316.334.5](520) H-33 73859 2026-03-02 73859 იაპონიის ელჩის საჩუქარი 2026-03-02 წიგნი 12ლ.